[Event "BL 1516 Hansa Dortmund - SV Hockenheim"]
[Site "?"]
[Date "2015.12.13"]
[Round "4.8"]
[White "Kotter, Ralf"]
[Black "Boguslavskyy, Oleg"]
[Result "0-1"]
[WhiteElo "2365"]
[BlackElo "2458"]
[PlyCount "80"]
[EventDate "2015.??.??"]

1. e4 c5 2. Nf3 Nc6 3. Bb5 g6 4. Bxc6 dxc6 5. d3 Bg7 6. O-O Nf6 7. Nbd2 Nd7 8.
a4 O-O 9. a5 Qc7 10. Nc4 Rd8 11. Be3 Rb8 12. Qc1 b5 13. axb6 axb6 14. Bh6 Bh8
15. Ng5 b5 16. Ne3 c4 17. f4 cxd3 18. cxd3 Qb6 19. Kh1 Nc5 20. Qc2 Nxd3 21. Nd1
Bg4 22. Nc3 Qc5 23. h3 Be6 24. Nxe6 fxe6 25. e5 Qc4 26. Qe2 b4 27. Ne4 Nxe5 28.
Qe3 Nf7 29. Bg5 Bd4 30. Qf3 Rd7 31. Rac1 Qd5 32. Rxc6 Rf8 33. b3 Ne5 34. fxe5
Rxf3 35. Rc8+ Rd8 36. Rxd8+ Qxd8 37. Rxf3 Bxe5 38. Nf2 Qd4 39. g3 Bf6 40. Bh6
Bg7 0-1

[Event "BL 1516 USV TU Dresden - Erfurter SK"]
[Site "?"]
[Date "2015.12.13"]
[Round "4.1"]
[White "Romanov, Evgeny"]
[Black "Eljanov, Pavel"]
[Result "1/2-1/2"]
[WhiteElo "2590"]
[BlackElo "2763"]
[PlyCount "111"]
[EventDate "2015.??.??"]

1. e4 e5 2. Nf3 Nc6 3. Bb5 a6 4. Ba4 Nf6 5. O-O Be7 6. d3 b5 7. Bb3 O-O 8. a4
b4 9. a5 d6 10. Nbd2 h6 11. h3 Rb8 12. Nc4 Be6 13. Be3 Qc8 14. Nfd2 Rd8 15. Ba4
Qb7 16. c3 bxc3 17. bxc3 Na7 18. Re1 Nb5 19. Rc1 Bf8 20. Bb3 Re8 21. Qf3 Nd7
22. Qg3 Kh8 23. Bd1 Rbd8 24. Bf3 c5 25. Red1 Nb8 26. Bg4 Nc6 27. f4 Bxg4 28.
Qxg4 exf4 29. Bxf4 d5 30. exd5 Rxd5 31. Qf3 Nxc3 32. Re1 Rxe1+ 33. Rxe1 Nd4 34.
Qf2 Rf5 35. Re8 Rxf4 36. Rxf8+ Kh7 37. Qe3 Ne6 38. Re8 Rf6 39. Ne4 Nxe4 40.
Qxe4+ Qxe4 41. dxe4 h5 42. e5 Rf4 43. Nd6 c4 44. g3 Rf3 45. Kg2 Re3 46. Nxf7
Nd4 47. Rd8 Nf5 48. Kf2 Rxg3 49. e6 Ra3 50. Rd5 Ne7 51. Rd7 Nf5 52. Rd5 Ne7 53.
Rd7 Nf5 54. e7 Re3 55. Rd5 Rxe7 56. Rxf5 1/2-1/2

[Event "BL 1516 USV TU Dresden - Erfurter SK"]
[Site "?"]
[Date "2015.12.13"]
[Round "4.2"]
[White "Almasi, Zoltan"]
[Black "Vovk, Andrey"]
[Result "1/2-1/2"]
[WhiteElo "2690"]
[BlackElo "2617"]
[PlyCount "80"]
[EventDate "2015.??.??"]

1. e4 c5 2. Nf3 d6 3. d4 cxd4 4. Nxd4 Nf6 5. Nc3 Nc6 6. Bg5 e6 7. Qd2 a6 8.
O-O-O h6 9. Be3 Be7 10. f3 Nxd4 11. Qxd4 b5 12. e5 dxe5 13. Qxe5 Qa5 14. Bc5
Bxc5 15. Qxc5 Bd7 16. Qd6 Qd8 17. Ne4 Nxe4 18. fxe4 Rc8 19. Qxa6 Qc7 20. Rd2
O-O 21. Qd6 Qa5 22. a3 Bc6 23. Bd3 Rfd8 24. Qb4 Qxb4 25. axb4 Ra8 26. Kb1 Rd4
27. Re2 e5 28. b3 Rxb4 29. Kb2 Rd4 30. Re3 b4 31. Ra1 Rxa1 32. Kxa1 Kf8 33. Kb2
Ke7 34. c3 bxc3+ 35. Kxc3 h5 36. b4 Kd6 37. Re1 Bb7 38. Re3 Bc6 39. Re1 Bb7 40.
Re3 Bc6 1/2-1/2

[Event "BL 1516 USV TU Dresden - Erfurter SK"]
[Site "?"]
[Date "2015.12.13"]
[Round "4.3"]
[White "Mihok, Oliver"]
[Black "Bartel, Mateusz"]
[Result "1/2-1/2"]
[WhiteElo "2511"]
[BlackElo "2620"]
[PlyCount "102"]
[EventDate "2015.??.??"]

1. e4 e6 2. d3 c5 3. Nf3 Nc6 4. g3 g6 5. Bg2 Bg7 6. O-O d6 7. c3 Nf6 8. Re1 e5
9. a3 a5 10. a4 O-O 11. Na3 h6 12. Nd2 Be6 13. Ndc4 Ne8 14. Nb5 Kh7 15. b3 Na7
16. Nba3 Rb8 17. Be3 f5 18. exf5 Bxf5 19. b4 b6 20. bxa5 bxa5 21. Rb1 Rxb1 22.
Nxb1 Qc7 23. Nba3 Nf6 24. d4 Ng4 25. dxe5 dxe5 26. Nb5 Nxb5 27. axb5 Nxe3 28.
Nxe3 e4 29. Nd5 Qf7 30. Qd2 c4 31. Bf1 Rd8 32. Bxc4 Be6 33. Rd1 a4 34. Qf4 Qxf4
35. gxf4 Bxc3 36. b6 Bxd5 37. Rxd5 Rxd5 38. Bxd5 Bd2 39. b7 Bxf4 40. Bxe4 Kg7
41. h3 a3 42. Bb1 Kf6 43. Kf1 Bd6 44. Ke2 Kg5 45. Kf3 h5 46. Ba2 Bb8 47. Bb1
Ba7 48. Kg3 Bb8+ 49. Kf3 Bc7 50. Ba2 Bd6 51. Ke4 Bb8 1/2-1/2

[Event "BL 1516 USV TU Dresden - Erfurter SK"]
[Site "?"]
[Date "2015.12.13"]
[Round "4.4"]
[White "Socko, Bartosz"]
[Black "Braeuer, Franz"]
[Result "1-0"]
[WhiteElo "2587"]
[BlackElo "2428"]
[PlyCount "87"]
[EventDate "2015.??.??"]

1. e4 e6 2. d4 d5 3. Nd2 Nf6 4. e5 Nfd7 5. Bd3 c5 6. c3 Nc6 7. Ne2 cxd4 8. cxd4
f6 9. exf6 Nxf6 10. Nf3 Bd6 11. O-O O-O 12. Bg5 Qc7 13. Rc1 h6 14. Bh4 Nh5 15.
Bg6 Rxf3 16. gxf3 Bxh2+ 17. Kg2 Nf4+ 18. Kxh2 Nxg6+ 19. Bg3 Qf7 20. Rc3 e5 21.
Re1 Bf5 22. dxe5 d4 23. Rxc6 bxc6 24. Nxd4 Rd8 25. Qa4 Be6 26. Nxe6 Qxe6 27.
Qxa7 h5 28. Qa4 c5 29. Kg2 Rd2 30. Qa8+ Kf7 31. Qa7+ Kg8 32. Qxc5 h4 33. Qb4
Rc2 34. Qd6 Kf7 35. Bh2 Rxb2 36. a4 Ne7 37. Qd4 h3+ 38. Kg1 Rc2 39. Qf4+ Kg8
40. Bg3 Rc4 41. Re4 Rc3 42. Rd4 Nf5 43. Rd8+ Kh7 44. Qg4 1-0

[Event "BL 1516 USV TU Dresden - Erfurter SK"]
[Site "?"]
[Date "2015.12.13"]
[Round "4.5"]
[White "Machelett, Heiko"]
[Black "Dziuba, Marcin"]
[Result "0-1"]
[WhiteElo "2407"]
[BlackElo "2567"]
[PlyCount "54"]
[EventDate "2015.??.??"]

1. d4 d5 2. c4 e6 3. Nc3 c6 4. cxd5 exd5 5. Bf4 Qb6 6. Qd2 Nf6 7. e3 Bf5 8. f3
h5 9. Nge2 Nbd7 10. Ng3 Bg6 11. h4 Be7 12. Bd3 Bxd3 13. Qxd3 g6 14. O-O-O a5
15. e4 dxe4 16. Ngxe4 O-O 17. Ng5 a4 18. a3 Qb3 19. Nge4 Rfd8 20. Bc7 Nxe4 21.
fxe4 Rdc8 22. Bg3 b5 23. Nb1 Qe6 24. Rd2 Rd8 25. Qe3 Nb6 26. Rc2 Nc4 27. Qd3
Bf6 0-1

[Event "BL 1516 USV TU Dresden - Erfurter SK"]
[Site "?"]
[Date "2015.12.13"]
[Round "4.6"]
[White "Maiwald, Jens-Uwe"]
[Black "Enders, Peter"]
[Result "1/2-1/2"]
[WhiteElo "2445"]
[BlackElo "2454"]
[PlyCount "139"]
[EventDate "2015.??.??"]

1. d4 Nf6 2. Nf3 e6 3. Bg5 b6 4. e4 h6 5. Bxf6 Qxf6 6. c3 Bb7 7. Nbd2 g5 8. Bd3
Nc6 9. O-O O-O-O 10. b4 d5 11. e5 Qe7 12. Nb3 f6 13. b5 Nb8 14. a4 g4 15. exf6
Qxf6 16. Ne5 Bd6 17. Qe2 Rhg8 18. Rae1 h5 19. f4 gxf3 20. Rxf3 Qh4 21. Qf2
Qxf2+ 22. Rxf2 Rde8 23. Bg6 Re7 24. Bxh5 Nd7 25. Nf7 e5 26. dxe5 Bxe5 27. Rfe2
Nf6 28. Rxe5 Rxe5 29. Rxe5 d4 30. Nxd4 Rxg2+ 31. Kf1 Rxh2 32. Bf3 Bxf3 33. Nxf3
Rc2 34. Nd4 Rxc3 35. Re6 Ng4 36. Ke2 Rc4 37. Nc6 Rxa4 38. Re8+ Kd7 39. Re7+ Kc8
40. Re8+ Kd7 41. Re7+ Kc8 42. Ng5 Nf6 43. Re6 Nd7 44. Re8+ Kb7 45. Rd8 Ra2+ 46.
Ke3 Rb2 47. Nd4 Nc5 48. Nf7 a6 49. Re8 axb5 50. Nd8+ Ka6 51. N8c6 b4 52. Ra8+
Kb7 53. Rb8+ Ka6 54. Nd8 b5 55. Nxb5 Nd7 56. Nxc7+ Ka5 57. Nc6+ Ka4 58. Ra8+
Kb3 59. Nd4+ Kc4 60. Ra6 Ne5 61. Ke4 Rb1 62. Nd5 Re1+ 63. Ne3+ Kc3 64. Ndc2 Re2
65. Kxe5 b3 66. Rc6+ Kb2 67. Rb6 Rxc2 68. Nxc2 Kxc2 69. Kd4 b2 70. Rxb2+
1/2-1/2

[Event "BL 1516 USV TU Dresden - Erfurter SK"]
[Site "?"]
[Date "2015.12.13"]
[Round "4.7"]
[White "Voekler, Bernd"]
[Black "Loxine, Jakov"]
[Result "1-0"]
[WhiteElo "2352"]
[BlackElo "2413"]
[PlyCount "91"]
[EventDate "2015.??.??"]

1. e4 c5 2. Nf3 Nc6 3. d4 cxd4 4. Nxd4 e5 5. Nb5 d6 6. c4 Be7 7. b3 a6 8. N5c3
Nf6 9. Be2 O-O 10. O-O Be6 11. Be3 Rc8 12. Nd2 Nd7 13. Nd5 Bg5 14. Rc1 Bxe3 15.
fxe3 Ne7 16. Kh1 h6 17. Bd3 Nc5 18. Bb1 a5 19. Qh5 Bxd5 20. exd5 Qe8 21. g4 Rc7
22. g5 f5 23. Qxe8 Rxe8 24. Bxf5 Nxf5 25. Rxf5 hxg5 26. Rg1 e4 27. Rgxg5 a4 28.
Rg6 Rd8 29. h4 a3 30. h5 Rf7 31. Rxf7 Kxf7 32. b4 Rh8 33. Rxd6 Rxh5+ 34. Kg2
Nd3 35. Nxe4 Nxb4 36. Rd7+ Kg6 37. Rxb7 Nxa2 38. Rb6+ Kf7 39. Rb3 Re5 40. Nd6+
Ke7 41. Nc8+ Kd7 42. Nb6+ Kd6 43. Rxa3 Nb4 44. Rb3 Na6 45. Na4 Kc7 46. Kf3 1-0

[Event "BL 1516 USV TU Dresden - Erfurter SK"]
[Site "?"]
[Date "2015.12.13"]
[Round "4.8"]
[White "Hoffmann, Paul"]
[Black "Casper, Thomas"]
[Result "1/2-1/2"]
[WhiteElo "2360"]
[BlackElo "2382"]
[PlyCount "48"]
[EventDate "2015.??.??"]

1. e4 e6 2. d4 d5 3. exd5 exd5 4. Bd3 Nf6 5. Ne2 c5 6. c3 Nc6 7. O-O Bd6 8. h3
h6 9. dxc5 Bxc5 10. Nd2 O-O 11. Nb3 Bb6 12. Nbd4 Re8 13. Bc2 Bd7 14. Nf3 Rc8
15. Nf4 d4 16. c4 Ne5 17. Nxe5 Rxe5 18. b3 Ne4 19. Nd5 Bc6 20. Bxe4 Rxe4 21.
Nxb6 axb6 22. f3 Re6 23. Bb2 d3 24. Rf2 b5 1/2-1/2

[Event "BL 1516 Schachfr. Berlin - Schwäbisch "]
[Site "?"]
[Date "2015.12.13"]
[Round "4.1"]
[White "Jakovenko, Dmitry"]
[Black "Kraemer, Martin"]
[Result "1-0"]
[WhiteElo "2737"]
[BlackElo "2567"]
[PlyCount "85"]
[EventDate "2015.??.??"]

1. c4 e5 2. g3 Nf6 3. Bg2 d5 4. cxd5 Nxd5 5. Nc3 Nb6 6. d3 Be7 7. Be3 O-O 8.
Rc1 Re8 9. Nf3 Nc6 10. O-O Bf8 11. Ne4 Nd4 12. Nc5 Bxc5 13. Rxc5 Bg4 14. Bxd4
exd4 15. Qd2 Qd6 16. Rfc1 c6 17. h3 Bxf3 18. Bxf3 Nd7 19. Ra5 Re5 20. b4 a6 21.
Qf4 g5 22. Qd2 h6 23. Qb2 Rd8 24. a4 Nb6 25. Rxe5 Qxe5 26. Qb3 Rd7 27. Rc5 Qe6
28. Qc2 Qxh3 29. Re5 Nd5 30. Qc5 Nf6 31. Rf5 Nd5 32. Re5 Nf6 33. Be4 Nxe4 34.
Rxe4 Rd8 35. Qe7 Rf8 36. Qf6 Qd7 37. Qxh6 f6 38. Qg6+ Kh8 39. a5 Qd6 40. f4
Qxb4 41. Qh6+ Kg8 42. Qg6+ Kh8 43. fxg5 1-0

[Event "BL 1516 Schachfr. Berlin - Schwäbisch "]
[Site "?"]
[Date "2015.12.13"]
[Round "4.2"]
[White "Schneider, Ilja"]
[Black "Rodshtein, Maxim"]
[Result "0-1"]
[WhiteElo "2495"]
[BlackElo "2678"]
[PlyCount "62"]
[EventDate "2015.??.??"]

1. d4 Nf6 2. Bg5 d5 3. Bxf6 gxf6 4. c4 dxc4 5. e3 c5 6. Bxc4 Nc6 7. Nc3 cxd4 8.
Qh5 Ne5 9. Bb5+ Bd7 10. exd4 Ng6 11. Nge2 a6 12. Bxd7+ Qxd7 13. Rc1 Bg7 14. Nd5
Rc8 15. O-O Rxc1 16. Rxc1 O-O 17. Rc7 Qa4 18. g3 e6 19. Ndc3 Qb4 20. b3 f5 21.
Qf3 Rb8 22. Qd3 b5 23. Ra7 Qd6 24. d5 Rc8 25. Qe3 b4 26. Na4 Qxd5 27. Nb6 Qd1+
28. Kg2 Rd8 29. Qf3 Ne5 30. Qh5 Qc2 31. Nf4 Qc6+ 0-1

[Event "BL 1516 Schachfr. Berlin - Schwäbisch "]
[Site "?"]
[Date "2015.12.13"]
[Round "4.3"]
[White "Laznicka, Viktor"]
[Black "Mista, Aleksander"]
[Result "1-0"]
[WhiteElo "2655"]
[BlackElo "2567"]
[PlyCount "83"]
[EventDate "2015.??.??"]

1. d4 Nf6 2. Bg5 d6 3. Bxf6 exf6 4. e3 g6 5. c4 Bg7 6. Nc3 f5 7. g3 Nd7 8. Bg2
O-O 9. Nge2 Re8 10. b4 Nf6 11. Qd3 c6 12. b5 Bd7 13. O-O Qa5 14. Rab1 Rac8 15.
a4 Be6 16. Rfc1 Nd7 17. Nf4 Nb6 18. Nce2 cxb5 19. Nxe6 bxc4 20. Qc3 Qxc3 21.
Nxc3 fxe6 22. a5 Na8 23. Bxb7 Rc7 24. a6 d5 25. Nb5 Rf7 26. Nd6 Nc7 27. Nxe8
Nxe8 28. Bc8 Re7 29. Rb7 Kf7 30. Rcb1 Nd6 31. Bd7 e5 32. Rxa7 exd4 33. Be6+
Kxe6 34. Rxe7+ Kxe7 35. a7 c3 36. a8=Q c2 37. Ra1 d3 38. Ra7+ Ke6 39. Qg8+ Ke5
40. Qxg7+ Ke4 41. Kg2 c1=Q 42. Qd4# 1-0

[Event "BL 1516 Schachfr. Berlin - Schwäbisch "]
[Site "?"]
[Date "2015.12.13"]
[Round "4.4"]
[White "Piorun, Kacper"]
[Black "Michalik, Peter"]
[Result "1-0"]
[WhiteElo "2637"]
[BlackElo "2580"]
[PlyCount "53"]
[EventDate "2015.??.??"]

1. e4 e5 2. Nf3 Nc6 3. Bb5 Nf6 4. d3 Bc5 5. Nc3 a6 6. Bxc6 dxc6 7. Nxe5 Qd4 8.
Be3 Qxe5 9. d4 Qe7 10. dxc5 Nxe4 11. Qd4 Nf6 12. O-O-O Be6 13. Bg5 h6 14. Bh4
Rd8 15. Qb4 g5 16. Bg3 b5 17. Rxd8+ Qxd8 18. h4 Nd5 19. Nxd5 Qxd5 20. hxg5
Qxg5+ 21. Kb1 Qd5 22. b3 Qxg2 23. Qh4 Qf3 24. Re1 Qc3 25. Rd1 Bd5 26. Qg4 f5
27. Qg6+ 1-0

[Event "BL 1516 Schachfr. Berlin - Schwäbisch "]
[Site "?"]
[Date "2015.12.13"]
[Round "4.5"]
[White "Bogner, Sebastian"]
[Black "Jakubowski, Krzysztof"]
[Result "1/2-1/2"]
[WhiteElo "2546"]
[BlackElo "2575"]
[PlyCount "56"]
[EventDate "2015.??.??"]

1. d4 d5 2. c4 e6 3. Nf3 Nf6 4. g3 dxc4 5. Bg2 a6 6. O-O Nc6 7. e3 Rb8 8. Nfd2
e5 9. Bxc6+ bxc6 10. dxe5 Ng4 11. Nxc4 Qxd1 12. Rxd1 Be6 13. Nbd2 Rd8 14. b3
Bxc4 15. bxc4 Bb4 16. Rb1 c5 17. a3 Ba5 18. h3 Nxe5 19. Bb2 Rxd2 20. Bxe5 Rxd1+
21. Rxd1 f6 22. Ba1 Ke7 23. Kf1 Rb8 24. Ke2 Rb3 25. Rd3 Rb1 26. Rd1 Rb3 27. Rd3
Rb1 28. Rd1 Rb3 1/2-1/2

[Event "BL 1516 Schachfr. Berlin - Schwäbisch "]
[Site "?"]
[Date "2015.12.13"]
[Round "4.6"]
[White "Lauber, Arnd"]
[Black "Womacka, Mathias"]
[Result "1-0"]
[WhiteElo "2433"]
[BlackElo "2437"]
[PlyCount "123"]
[EventDate "2015.??.??"]

1. d4 Nf6 2. c4 e6 3. Nc3 Bb4 4. e3 c5 5. Nf3 Bxc3+ 6. bxc3 d6 7. Bd3 Nc6 8. e4
e5 9. d5 Ne7 10. Nd2 Qa5 11. Qb3 Nh5 12. Qb5+ Qxb5 13. cxb5 Nf4 14. Bf1 Bd7 15.
Nc4 Nc8 16. a4 Ke7 17. g3 Ng6 18. Bd3 Rf8 19. Ne3 Kd8 20. f3 Nce7 21. Nc4 Kc7
22. h4 h5 23. Ke2 f5 24. Bg5 Rf7 25. Rhb1 fxe4 26. Bxe4 Bf5 27. b6+ axb6 28.
Rxb6 Nc8 29. Rb5 Nf8 30. Rab1 Ra7 31. a5 Nd7 32. Bxf5 Rxf5 33. R5b2 Rf7 34. Na3
Kb8 35. Bd8 Nf6 36. Nb5 Ra6 37. c4 Rd7 38. Nc7 Rxc7 39. Bxc7+ Kxc7 40. Rxb7+
Kd8 41. Rxg7 Rxa5 42. Rbb7 Ra2+ 43. Kf1 Ra3 44. Kg2 e4 45. fxe4 Ra2+ 46. Kf3
Ra1 47. Ke2 Ra2+ 48. Kd1 Ra1+ 49. Kc2 Ra2+ 50. Kc1 Ra1+ 51. Kb2 Rf1 52. Kc2 Ke8
53. Kd3 Rd1+ 54. Ke2 Rd4 55. Rg6 Nd7 56. Rg8+ Nf8 57. Ke3 Rxc4 58. Rb8 Kf7 59.
Rh8 Kg7 60. Rxc8 Kxh8 61. Rxf8+ Kg7 62. Rd8 1-0

[Event "BL 1516 Schachfr. Berlin - Schwäbisch "]
[Site "?"]
[Date "2015.12.13"]
[Round "4.7"]
[White "Zeller, Frank"]
[Black "Baldauf, Marco"]
[Result "1-0"]
[WhiteElo "2392"]
[BlackElo "2405"]
[PlyCount "91"]
[EventDate "2015.??.??"]

1. c4 g6 2. Nc3 c5 3. Nf3 Bg7 4. d4 cxd4 5. Nxd4 Nc6 6. Nc2 Bxc3+ 7. bxc3 Qa5
8. e4 Nf6 9. f3 O-O 10. Qd2 d6 11. Nb4 Be6 12. Nd5 Rac8 13. Rb1 Bxd5 14. Rb5
Qc7 15. cxd5 Ne5 16. Rb3 a6 17. Qd4 b5 18. Be2 Rfe8 19. O-O Nfd7 20. Bh6 Qc5
21. Ra1 Nb6 22. Qxc5 dxc5 23. Bf4 f6 24. Rd1 Kf7 25. Be3 Nec4 26. Bf2 Nd6 27.
Ra3 Na4 28. Rb1 Rb8 29. h4 Rec8 30. g4 c4 31. Bd1 Nc5 32. Bxc5 Rxc5 33. Rxa6
Rcc8 34. Rb4 h5 35. g5 Ra8 36. Rxa8 Rxa8 37. a4 bxa4 38. Bxa4 e6 39. dxe6+ Kxe6
40. gxf6 Kxf6 41. Kf2 Ke5 42. Ke3 Rf8 43. Rb6 Rf6 44. Bc6 Rf4 45. Bd5 Rxh4 46.
f4+ 1-0

[Event "BL 1516 Schachfr. Berlin - Schwäbisch "]
[Site "?"]
[Date "2015.12.13"]
[Round "4.8"]
[White "Polzin, Rainer"]
[Black "Raykhman, Alexander"]
[Result "1/2-1/2"]
[WhiteElo "2416"]
[BlackElo "2414"]
[PlyCount "87"]
[EventDate "2015.??.??"]

1. e4 c5 2. Nf3 d6 3. d4 cxd4 4. Nxd4 Nf6 5. Nc3 a6 6. h3 e6 7. g4 Nfd7 8. Bg2
Be7 9. Be3 O-O 10. O-O Nc6 11. f4 Nxd4 12. Bxd4 b5 13. e5 dxe5 14. fxe5 Rb8 15.
Ne4 Bb7 16. Qd3 Qc7 17. Qc3 Qxc3 18. Bxc3 Rfd8 19. Rad1 Bxe4 20. Bxe4 Nc5 21.
Bf3 Na4 22. Rxd8+ Rxd8 23. Ba5 Bc5+ 24. Kh1 Bb6 25. Bxb6 Nxb6 26. b3 Rd2 27.
Bb7 a5 28. Bc6 Rxc2 29. Bxb5 Rxa2 30. Be8 Kf8 31. Bxf7 Ke7 32. Bg8 Nd7 33. Rf7+
Ke8 34. Rf3 Re2 35. Bxe6 Nxe5 36. Rc3 Ke7 37. Bg8 h6 38. Kg1 Kd6 39. Kf1 Rd2
40. Rc8 Rh2 41. Rd8+ Ke7 42. Rd5 Kf6 43. Rxa5 Rxh3 44. g5+ 1/2-1/2

[Event "BL 1516 Schachfr. Berlin - OSG Baden Ba"]
[Site "?"]
[Date "2016.02.06"]
[Round "5.1"]
[White "Kasimdzhanov, Rustam"]
[Black "Melkumyan, Hrant"]
[Result "1/2-1/2"]
[WhiteElo "2704"]
[BlackElo "2649"]
[PlyCount "59"]
[EventDate "2016.??.??"]

1. e4 e5 2. Nf3 Nc6 3. Bb5 Nf6 4. O-O Nxe4 5. Re1 Nd6 6. Nxe5 Be7 7. Bf1 Nxe5
8. Rxe5 O-O 9. d4 Bf6 10. Re2 b6 11. Re1 Nb7 12. Na3 d5 13. c3 Nd6 14. Nc2 a5
15. Ne3 Nf5 16. Ng4 Bg5 17. Bd3 Bxc1 18. Rxc1 Nd6 19. h3 Re8 20. Qf3 Bxg4 21.
Qxg4 g6 22. Re5 c6 23. Rce1 Qc7 24. R1e3 Kg7 25. h4 f6 26. Rxe8 Rxe8 27. Rxe8
Nxe8 28. h5 f5 29. Qg5 Nd6 30. hxg6 1/2-1/2

[Event "BL 1516 Schachfr. Berlin - OSG Baden Ba"]
[Site "?"]
[Date "2016.02.06"]
[Round "5.3"]
[White "Vallejo Pons, Francisco"]
[Black "Schneider, Ilja"]
[Result "1-0"]
[WhiteElo "2675"]
[BlackElo "2489"]
[PlyCount "93"]
[EventDate "2016.??.??"]

1. e4 e5 2. Nf3 d6 3. d4 exd4 4. Nxd4 Nf6 5. Nc3 Be7 6. g3 d5 7. e5 Ng4 8. Bg2
O-O 9. O-O Nxe5 10. Re1 Nbc6 11. Nxd5 Bc5 12. Nxc6 Nxc6 13. Bf4 Bd6 14. Bxd6
cxd6 15. c3 Be6 16. Nf4 Qb6 17. b3 a5 18. Bxc6 Qxc6 19. Nxe6 fxe6 20. Rxe6 a4
21. Re3 Ra5 22. Rb1 axb3 23. Qxb3+ d5 24. Qxb7 Qxb7 25. Rxb7 Rxa2 26. Ree7
Rfxf2 27. Rxg7+ Kf8 28. Rxh7 Rg2+ 29. Kf1 Kg8 30. Rbg7+ Kf8 31. Rb7 Kg8 32.
Rhg7+ Kf8 33. Rgd7 Raf2+ 34. Ke1 Re2+ 35. Kd1 Rxh2 36. Rb8+ Re8 37. Rxe8+ Kxe8
38. Rxd5 Rg2 39. Rd3 Ke7 40. c4 Ra2 41. c5 Ra5 42. Rc3 Ra2 43. c6 Kd8 44. c7+
Kc8 45. Ke1 Rb2 46. Kf1 Rd2 47. Rc5 1-0

[Event "BL 1516 Schachfr. Berlin - OSG Baden Ba"]
[Site "?"]
[Date "2016.02.06"]
[Round "5.4"]
[White "Piorun, Kacper"]
[Black "Naiditsch, Arkadij"]
[Result "1/2-1/2"]
[WhiteElo "2651"]
[BlackElo "2702"]
[PlyCount "78"]
[EventDate "2016.??.??"]

1. c4 e5 2. g3 Nc6 3. Nc3 g6 4. Bg2 Bg7 5. e4 h5 6. h4 Nd4 7. d3 d6 8. Nce2 Ne6
9. Nh3 Ne7 10. Be3 c6 11. Ng5 Nxg5 12. hxg5 d5 13. exd5 cxd5 14. Bc5 d4 15.
Qa4+ Qd7 16. Qa3 Nc6 17. O-O-O Qg4 18. Rde1 h4 19. f4 Be6 20. Bxc6+ bxc6 21.
Qa6 Bd7 22. Qb7 Rc8 23. gxh4 Rxh4 24. Rhf1 Bf8 25. Qb4 Bxc5 26. Qxc5 Be6 27.
Qxe5 c5 28. Rh1 Kd7 29. Qe4 Kc7 30. Rxh4 Qxh4 31. Rh1 Qf2 32. b4 Bd7 33. Qe5+
Kb7 34. b5 Re8 35. Qd5+ Kb6 36. Qxd7 Rxe2 37. Qd8+ Kb7 38. Qd7+ Kb6 39. Qd8+
Kb7 1/2-1/2

[Event "BL 1516 Schachfr. Berlin - OSG Baden Ba"]
[Site "?"]
[Date "2016.02.06"]
[Round "5.5"]
[White "Movsesian, Sergei"]
[Black "Dvirnyy, Daniyyl"]
[Result "1/2-1/2"]
[WhiteElo "2653"]
[BlackElo "2571"]
[PlyCount "146"]
[EventDate "2016.??.??"]

1. e4 e5 2. Nf3 Nc6 3. Bb5 Nf6 4. d3 Bc5 5. Nbd2 d6 6. O-O O-O 7. c3 Ne7 8. d4
exd4 9. cxd4 Bb6 10. Re1 Bg4 11. h3 Bh5 12. Qa4 a6 13. Bf1 Nc6 14. d5 Ne7 15.
b4 Ng6 16. Bb2 Bxf3 17. Nxf3 Re8 18. Qc2 Rc8 19. Rad1 Ne5 20. Qb3 Nxf3+ 21.
Qxf3 Qe7 22. Kh2 h6 23. Bd3 Nd7 24. Qg3 Qg5 25. f4 Qxg3+ 26. Kxg3 Re7 27. Kf3
a5 28. a3 axb4 29. axb4 c6 30. dxc6 bxc6 31. Bc3 Ra8 32. Ra1 Ree8 33. Bc2 Rxa1
34. Rxa1 f5 35. Bd2 fxe4+ 36. Bxe4 d5 37. Bg6 Rf8 38. Ke2 c5 39. g3 Rf6 40.
Ra8+ Rf8 41. Ra6 Rf6 42. Bh5 cxb4 43. Bf3 Re6+ 44. Kf1 Nf6 45. f5 Rc6 46. Bxb4
Rc1+ 47. Ke2 Rc2+ 48. Kd3 Rf2 49. Be2 Bc7 50. Ra8+ Kh7 51. Ra7 Be5 52. g4 Rh2
53. Re7 Rxh3+ 54. Kc2 Bd4 55. Rb7 Rg3 56. Be1 Re3 57. Kd1 Ra3 58. Kc2 Ne4 59.
Bb4 Ra2+ 60. Kd3 Bc5 61. Be1 Ra1 62. Bh4 Ra3+ 63. Kc2 Rc3+ 64. Kd1 Rh3 65. Be1
Rh1 66. Bf3 Rg1 67. Ke2 Nf6 68. Bh4 Bd4 69. Bxf6 Bxf6 70. Bxd5 Rxg4 71. Bf7 h5
72. Bxh5 Re4+ 73. Kf3 Rd4 1/2-1/2

[Event "BL 1516 Schachfr. Berlin - OSG Baden Ba"]
[Site "?"]
[Date "2016.02.06"]
[Round "5.6"]
[White "Sprenger, Jan Michael"]
[Black "Nielsen, Peter Heine"]
[Result "1/2-1/2"]
[WhiteElo "2495"]
[BlackElo "2649"]
[PlyCount "57"]
[EventDate "2016.??.??"]

1. e4 e5 2. Nf3 Nc6 3. Bb5 a6 4. Ba4 Nf6 5. O-O b5 6. Bb3 Bb7 7. Re1 Bc5 8. c3
O-O 9. d4 Bb6 10. Nbd2 d6 11. Nf1 Ne7 12. Ng3 Ng6 13. Bg5 h6 14. dxe5 hxg5 15.
exf6 Qxf6 16. Nh5 Qd8 17. Qd2 g4 18. Nd4 Qh4 19. Ng3 Qh6 20. Qxh6 gxh6 21. Nh5
Ne5 22. Rad1 Kh7 23. Nf6+ Kg6 24. Nd5 Bxd5 25. Bxd5 Rab8 26. Nc6 Rbe8 27. Nd4
Rb8 28. Nc6 Rbe8 29. Nd4 1/2-1/2

[Event "BL 1516 Schachfr. Berlin - OSG Baden Ba"]
[Site "?"]
[Date "2016.02.06"]
[Round "5.7"]
[White "Meier, Georg"]
[Black "Berndt, Stephan"]
[Result "1-0"]
[WhiteElo "2660"]
[BlackElo "2432"]
[PlyCount "71"]
[EventDate "2016.??.??"]

1. Nf3 Nf6 2. c4 e6 3. g3 b6 4. Bg2 Bb7 5. O-O Be7 6. Nc3 O-O 7. d4 Ne4 8. Bd2
d5 9. cxd5 exd5 10. Rc1 Nd7 11. Bf4 c5 12. Nxe4 dxe4 13. Nd2 f5 14. b4 Kh8 15.
bxc5 bxc5 16. Nb3 Rc8 17. d5 Bf6 18. Qd2 c4 19. Nd4 c3 20. Rxc3 Rxc3 21. Qxc3
Bxd5 22. Rd1 Nb6 23. Qa3 Bg8 24. Bc7 Nc4 25. Bxd8 Nxa3 26. Bxf6 Rxf6 27. Rc1
Nc4 28. e3 g6 29. g4 h5 30. Bf1 Nb6 31. gxf5 gxf5 32. Rc5 Bxa2 33. Nxf5 Bd5 34.
Ne7 Rd6 35. Bh3 Bf7 36. Kg2 1-0

[Event "BL 1516 Schachfr. Berlin - OSG Baden Ba"]
[Site "?"]
[Date "2016.02.06"]
[Round "5.8"]
[White "Baldauf, Marco"]
[Black "Schlosser, Philipp"]
[Result "1/2-1/2"]
[WhiteElo "2410"]
[BlackElo "2574"]
[PlyCount "44"]
[EventDate "2016.??.??"]

1. d4 Nf6 2. c4 e6 3. Nc3 Bb4 4. Qc2 O-O 5. Nf3 c5 6. dxc5 Na6 7. g3 Nxc5 8.
Bg2 b6 9. O-O Bb7 10. Nb5 Nce4 11. Ng5 d5 12. Rd1 Qc8 13. Nxe4 Nxe4 14. Bf4
Qxc4 15. Qxc4 dxc4 16. Rd4 f5 17. Rxc4 Bc5 18. e3 Bd5 19. Rc2 a5 20. Nc7 Rad8
21. Bf1 Kf7 22. Nxd5 Rxd5 1/2-1/2

[Event "BL 1516 USV TU Dresden - Bayern Münche"]
[Site "?"]
[Date "2016.02.06"]
[Round "5.1"]
[White "Gabriel, Christian"]
[Black "Almasi, Zoltan"]
[Result "1/2-1/2"]
[WhiteElo "2496"]
[BlackElo "2684"]
[PlyCount "72"]
[EventDate "2016.??.??"]

1. d4 Nf6 2. c4 g6 3. Nc3 Bg7 4. e4 d6 5. Nf3 O-O 6. Be2 Nbd7 7. O-O e5 8. d5
Nc5 9. Nd2 a5 10. Rb1 Bd7 11. b3 Bh6 12. Qc2 Qe7 13. a3 Rfc8 14. Bf3 c6 15. b4
axb4 16. axb4 Na6 17. b5 Nc5 18. Nb3 Nxb3 19. Qxb3 Bxc1 20. dxc6 bxc6 21. Rfxc1
Be6 22. Qb4 Nd7 23. Rd1 cxb5 24. Nxb5 Rxc4 25. Qxd6 Qxd6 26. Nxd6 Rc5 27. h3 h5
28. Rd2 Ra3 29. Be2 Kg7 30. h4 Rac3 31. f3 Rc1+ 32. Rxc1 Rxc1+ 33. Rd1 Rc2 34.
Bd3 Rc3 35. Bc4 Bxc4 36. Nxc4 Rxc4 1/2-1/2

[Event "BL 1516 USV TU Dresden - Bayern Münche"]
[Site "?"]
[Date "2016.02.06"]
[Round "5.2"]
[White "Gajewski, Grzegorz"]
[Black "Bischoff, Klaus"]
[Result "1/2-1/2"]
[WhiteElo "2635"]
[BlackElo "2513"]
[PlyCount "50"]
[EventDate "2016.??.??"]

1. d4 e6 2. c4 Nf6 3. Nf3 Bb4+ 4. Nbd2 O-O 5. a3 Be7 6. e3 d6 7. Bd3 Nbd7 8.
O-O c5 9. b4 b6 10. Bb2 Bb7 11. Qe2 Qc7 12. Rac1 g6 13. Ng5 Rfe8 14. f4 cxd4
15. exd4 Bf8 16. Ndf3 Re7 17. c5 bxc5 18. dxc5 dxc5 19. bxc5 Bc6 20. Ne5 Rb8
21. Bc3 Rb3 22. Bc4 Rxc3 23. Rxc3 Nxe5 24. fxe5 Nd7 25. Re3 Nxc5 1/2-1/2